Culture and anarchy
Kaydedildi:
| Yazar: | |
|---|---|
| Materyal Türü: | Kitap |
| Dil: | Undetermined |
| Baskı/Yayın Bilgisi: |
New York
The Macmillan company
1925
|
| Konular: | |
| Etiketler: |
Etiketle
Etiket eklenmemiş, İlk siz ekleyin!
|
| Thư viện lưu trữ: | Trung tâm Học liệu Trường Đại học Cần Thơ |
|---|
| LEADER | 00510nam a2200193Ia 4500 | ||
|---|---|---|---|
| 001 | CTU_88682 | ||
| 008 | 210402s9999 xx 000 0 und d | ||
| 082 | |a 824.8 | ||
| 082 | |b A752 | ||
| 100 | |a Arnold, Matthew | ||
| 245 | 0 | |a Culture and anarchy | |
| 245 | 0 | |c Matthew Arnold | |
| 260 | |a New York | ||
| 260 | |b The Macmillan company | ||
| 260 | |c 1925 | ||
| 650 | |a Culture,Great britain | ||
| 650 | |x Social conditions | ||
| 904 | |i Năm,Hải | ||
| 980 | |a Trung tâm Học liệu Trường Đại học Cần Thơ | ||